Ostrava industriální a moderní : velký průvodce po architektuře 1845-1949 /

Hlavní autor: Strakoš, Martin, 1972-
Další autoři: Horázný, Josef, 1975-, Štěrba, Martin, 1976-
Jazyk: Čeština
Vydáno: V Praze : Paseka, 2020
Témata:
Fyzický popis: 237 stran : ilustrace, 1 mapa, plány ; 25 cm
Knihy
Uloženo v:
LEADER 02474cam a2200649 i 4500
001 nkc20203262862
003 CZ PrNK
005 20231013214125.0
007 ta
008 201106s2020 xr abe e f 000 0 cze
015 |a cnb003262862 
020 |a 978-80-7637-123-1  |q (vázáno) :  |c Kč 399,00 
035 |a (OCoLC)1230105920 
040 |a BOA001  |b cze  |d ABA001  |e rda 
043 |a e-xr---  |b e-xr-mo  |2 czenas 
045 |a w4x4 
072 7 |a 72  |x Architektura  |2 Konspekt  |9 21 
080 |a 72  |2 MRF 
080 |a 725.1:338.45  |2 MRF 
080 |a 72.036/.038  |2 MRF 
080 |a 904:338.45  |2 MRF 
080 |a 72:904  |2 MRF 
080 |a (437.326)  |2 MRF 
080 |a (036)  |2 MRF 
100 1 |a Strakoš, Martin,  |d 1972-  |7 jo2002109970  |4 aut 
245 1 0 |a Ostrava industriální a moderní :  |b velký průvodce po architektuře 1845-1949 /  |c Martin Strakoš ; fotografie Josef Horázný a Martin Štěrba 
264 1 |a V Praze :  |b Paseka,  |c 2020 
300 |a 237 stran :  |b ilustrace, 1 mapa, plány ;  |c 25 cm 
336 |a text  |b txt  |2 rdacontent 
336 |a statický obraz  |b sti  |2 rdacontent 
337 |a bez média  |b n  |2 rdamedia 
338 |a svazek  |b nc  |2 rdacarrier 
500 |a Terminologický slovník 
504 |a Obsahuje bibliografii 
648 4 |a 1845-1949 
648 7 |a 19.-20. století  |7 ch757015  |2 czenas 
650 0 7 |a architektura  |7 ph118586  |z Česko  |y 19.-20. století  |2 czenas 
650 0 7 |a průmyslová architektura  |7 ph945464  |z Česko  |y 19.-20. století  |2 czenas 
650 0 7 |a moderní architektura  |7 ph115339  |z Česko  |2 czenas 
650 0 7 |a průmyslové památky  |7 ph816337  |z Česko  |2 czenas 
650 0 7 |a architektonické památky  |7 ph118585  |z Česko  |2 czenas 
650 0 9 |a architecture  |z Czechia  |y 19th-20th centuries  |2 eczenas 
650 0 9 |a industrial architecture  |z Czechia  |y 19th-20th centuries  |2 eczenas 
650 0 9 |a modern architecture  |z Czechia  |2 eczenas 
650 0 9 |a industrial monuments  |z Czechia  |2 eczenas 
650 0 9 |a architectural monuments  |z Czechia  |2 eczenas 
651 7 |a Ostrava (Česko)  |7 ge128537  |2 czenas 
651 9 |a Ostrava (Czechia)  |2 eczenas 
655 7 |a průvodce  |7 fd133154  |2 czenas 
655 9 |a guidebooks  |2 eczenas 
700 1 |a Horázný, Josef,  |d 1975-  |7 xx0013062  |4 pht 
700 1 |a Štěrba, Martin,  |d 1976-  |7 xx0013061  |4 pht 
910 2 |a BOA001  |b 2-1455.457 
990 |a BK 
995 |a 01 
991 |b 202011  |c NOV 
996 6 |b 2610845504  |c 2-1455.457  |l MZK  |r Sklad / do 1 hodiny  |n 4  |p p.v.  |w 001834190  |u 000010  |a 1  |e BOA001  |j MZK50  |s P